ISTORIA DEL CONCILIO DI TRENTO. VOL. III-IV. (Record no. 281748)

MARC details
000 -LEADER
fixed length control field 01202nam a2200229Ia 4500
001 - CONTROL NUMBER
control field L270-22644
003 - CONTROL NUMBER IDENTIFIER
control field IT-CnALBA
008 - FIXED-LENGTH DATA ELEMENTS--GENERAL INFORMATION
fixed length control field 170116s9999||||xx |||||||||||||| ||und||
040 ## - CATALOGING SOURCE
Original cataloging agency IT-CnALBA
Transcribing agency IT-CnALBA
041 ## - LANGUAGE CODE
Language code of text/sound track or separate title ITALIANO
999 ## - SYSTEM CONTROL NUMBERS (KOHA)
Koha Dewey Subclass [OBSOLETE] SI
100 ## - MAIN ENTRY--PERSONAL NAME
Personal name PALLAVICINO SFORZA, SJ, CARDINALE
245 #0 - TITLE STATEMENT
Title ISTORIA DEL CONCILIO DI TRENTO. VOL. III-IV.
250 ## - EDITION STATEMENT
Edition statement 1a ed.
260 ## - PUBLICATION, DISTRIBUTION, ETC. (IMPRINT)
Place of publication, distribution, etc. MILANO
Name of publisher, distributor, etc. PIROTTA E C. LIBR. E TIPOG.
Date of publication, distribution, etc. 1844 [1° Ed.: n.d.]
300 ## - PHYSICAL DESCRIPTION
Extent 991 p.
500 ## - GENERAL NOTE
General note CRITICA ALLA STORIA DEL CONCILIO DI TRENTO DI SOAVE P. POLANO. ARTICOLI SUI SACRAMENTI. BOLLA DEL PAPA PER L'OBBLIGO DELLA RESIDENZA DEI VESCOVI. RAPPORTI TRA IL PAPA E L'IMPERATORE. CARATTERE DEI SACRAMENTI. LA RIFORMA. DECISIONE DELLA TRASLAZIONE DEL CO
501 ## - WITH NOTE
With note Società San Paolo EM - Piazza San Paolo, 14 - 12051 ALBA (CN) (non commercial uses only) ® Copyright 2017
520 ## - SUMMARY, ETC.
Summary, etc. CRITICA ALLA STORIA DEL CONCILIO DI TRENTO DI SOAVE P. POLANO. ARTICOLI SUI SACRAMENTI. BOLLA DEL PAPA PER L'OBBLIGO DELLA RESIDENZA DEI VESCOVI. RAPPORTI TRA IL PAPA E L'IMPERATORE. CARATTERE DEI SACRAMENTI. LA RIFORMA. DECISIONE DELLA TRASLAZIONE DEL CO
650 ## - SUBJECT ADDED ENTRY--TOPICAL TERM
Topical term or geographic name as entry element STORIA DELLA CHIESA
942 ## - ADDED ENTRY ELEMENTS (KOHA)
Koha item type LIBRO
957 ## -
-- 1
999 ## - SYSTEM CONTROL NUMBERS (KOHA)
-- Copie: 1
Holdings
Withdrawn status Lost status Damaged status Not for loan Home library Current library Date acquired Total Checkouts Full call number Date last seen Price effective from Koha item type Public note
    Buone Condizioni Not For Loan ALBA - Biblioteca ALBA - Biblioteca 16/01/2017   L270-22644 16/01/2017 16/01/2017 LIBRO (data import: 16 gennaio 2017) - By Epidotti, Vaglietti.
CREDITS: SOCIETA' SAN PAOLO Via A.Severo, 58 - ROMA (RM) & PERIODICI SAN PAOLO SRL Via Giotto, 36 MILANO & CISF Via Giotto, 36 MILANO & EDIZIONI SAN PAOLO SRL,  Piazza Soncino, 5 CINISELLO BALSAMO (MI) -- ITALY